Κατάλογος Βιβλιοθηκών Mediterranean College

Marketing Management (Record no. 8368)

MARC details
000 -LEADER
fixed length control field 01267cam a22002174a 4500
005 - ΗΜΕΡΟΜΗΝΙΑ ΚΑΙ ΩΡΑ ΤΕΛΕΥΤΑΙΑΣ ΕΝΗΜΕΡΩΣΗΣ
Πεδίο ελέγχου 20250605164333.0
008 - FIXED-LENGTH DATA ELEMENTS--GENERAL INFORMATION
Πεδίο ελέγχου σταθερού μήκους 250528s ||||||||||||||||||||||||d
035 ## - SYSTEM CONTROL NUMBER
System control number 23343
020 ## - ISBN
ISBN 131457578
040 ## - ΠΗΓΗ ΚΑΤΑΛΟΓΟΓΡΑΦΗΣΗΣ
Φορέας πρωτότυπης καταλογογράφησης MC Athens Campus Library
Γλώσσα καταλογογράφησης Ελληνικά, Μοντέρνα (1453-)
Modifying agency MC Athens Campus Library
Κανόνες περιγραφικής καταλογογράφησης AACR2
245 1# - ΤΙΤΛΟΣ ΚΑΙ ΔΗΛΩΣΗ ΥΠΕΥΘΥΝΟΤΗΤΑΣ
Τίτλος Marketing Management
250 ## - EDITION STATEMENT
Edition statement 12th
260 ## - PUBLICATION, DISTRIBUTION, ETC.
Name of publisher, distributor, etc. Pearson - Prentice Hall,
Date of publication, distribution, etc. 2006
300 ## - PHYSICAL DESCRIPTION
Extent 780
520 ## - SUMMARY, ETC.
Summary, etc. Understanding Marketing Management, Defining Marketing for the 21st Century, Developing Marketing Strategies and Plans, Capturing Marketing Insights, Gathering Information and Scanning the Environment, Conducting Marketing Research and Forecasting Demand, Connecting with Customers, Creating Customer Value and Satisfaction and Loyalty, Analyzing Consumer Markets, Analyzing Business Markets, Identifying Market Segments and Targets, Building Strong Trends, Creating Brand Equity, Crafting the Brand Positioning, Shaping the Market Offerings, Setting Product Strategy, Delivering Value, Communicating Value, Designing and Managing Value Networks and Channels, Creating Successful Long-Term Growth, Tapping into Global Markets, Glossary, Subject Index.
700 1# - ΠΡΟΣΘΕΤΗ ΑΝΑΓΡΑΦΗ--ΦΥΣΙΚΟ ΠΡΟΣΩΠΟ
Personal name Banyard Philip
9 (RLIN) 195
700 1# - ΠΡΟΣΘΕΤΗ ΑΝΑΓΡΑΦΗ--ΦΥΣΙΚΟ ΠΡΟΣΩΠΟ
Personal name Keller Kevin Lane
9 (RLIN) 1145
942 ## - ADDED ENTRY ELEMENTS (KOHA)
Koha item type Books
Holdings
Τύπος τεκμηρίου Βιβλιοθήκη Τρέχουσα τοποθεσία Τοποθεσία Barcode Αριθμός εισαγωγής Ημερομηνία απόκτησης Ταξιθετικό σύμβολο Αριθμός αντιτύπου Κατάσταση απόσυρσης Κατάσταση χαμένου Κατάσταση κατεστραμμένου Μη δανεισμός Σύνολο δανεισμών Ημερομηνία τελευταίας εμφάνισης Η τιμή ισχύει από
Books MC Athens Campus Library MC Athens Campus Library Παράρτημα Γλυφάδας 9780000083678 7524 05/06/2025 658.8 ΚΟΤ 1           05/06/2025 05/06/2025

MC Athens Campus Library
Πατησίων 94 & Κοδριγκτώνος 13, 104 34
Πελλήνης 8 & Πατησίων 107, 112 51
Τ: +30 210 8899600

MC Thessaloniki Campus Library
Ίωνος Δραγούμη 21, 54625 | Ίωνος Δραγούμη 15, 54625
Τ: +30 2310 287779 – Τ: +30 2314 440300